Handbook on Radiation Environment, Volume 1 : Sources, Applications and Policies /
Gespeichert in:
| Weitere Verfasser: | |
|---|---|
| Format: | Buch |
| Sprache: | Englisch |
| Veröffentlicht: |
Singapore :
Springer,
2024
|
| Tags: |
Keine Tags, Fügen Sie das erste Tag hinzu!
|
MARC
| LEADER | 00000nam a22000003a 4500 | ||
|---|---|---|---|
| 001 | 0140620 | ||
| 003 | SK-STU | ||
| 005 | 20260324104318.9 | ||
| 007 | ta | ||
| 008 | 260324s ----xo-----e------000-0-----d | ||
| 020 | |a 978-981-97-2794-0 | ||
| 040 | |a STU |b slo | ||
| 041 | 0 | |a eng | |
| 044 | |a si | ||
| 100 | 1 | |a Aswal, Dinesh Kumar |4 edt |r Z6 | |
| 245 | 1 | 0 | |a Handbook on Radiation Environment, Volume 1 : |b Sources, Applications and Policies / |c ed. Dinesh Kumar Aswal |
| 260 | |a Singapore : |b Springer, |c 2024 | ||
| 300 | |a 693 s. | ||
| 996 | |b 284EK91227 |c E* 91227 |l EE36 |s P |a 0 |w 0140620_0001 | ||